How, then, shall we live?: Four simple questions... (Record no. 20535)

MARC details
000 -LEADER
fixed length control field 00312nam a22001337a 4500
020 ## - INTERNATIONAL STANDARD BOOK NUMBER
ISBN 0-553-37505-9
082 ## - DEWEY DECIMAL CLASSIFICATION NUMBER
Classification number 158.3 MUL
100 ## - MAIN ENTRY--AUTHOR NAME
Author name Muller, Wayne
245 ## - TITLE STATEMENT
Title How, then, shall we live?: Four simple questions...
260 ## - PUBLICATION, DISTRIBUTION, ETC. (IMPRINT)
Place of publication US
Name of publisher Bantam Books
Year of publication 1996
300 ## - PHYSICAL DESCRIPTION
Number of Pages 288
650 ## - SUBJECT ADDED ENTRY--TOPICAL TERM
Topical Term Healing
942 ## - ADDED ENTRY ELEMENTS (KOHA)
Koha item type Books
Holdings
Home library Current library Shelving location Date acquired Source of acquisition Full call number Accession Number Koha item type
Henry Martyn Institute Library Henry Martyn Institute Library General stacks 11/11/2013 Dr. Andreas D'Souza 158.3 MUL 11002554 Books
                   Copyright © 2026 | Henry Martyn Institute | Hyderabad | TS-500052 | INDIA | Implemented by hmi.edu.in
Hit-Count:

Powered by Koha